00853nam a2200277 4500003001500000005001700015008004100032020001500073040001700088041000800105050002100113100002500134245008400159264005300243300003400296336002200330337002400352338002400376500002400400650003100424650002700455700003200482700003000514942001400544999001700558MX00100079423820260601193838.0260504b1993 xxua|||| |||| 00| 0 eng d a0442009704 aICIcspadIC aeng 0aNA2765bK37 1993 aKarlen, Mark,eautor 1aSpace planning basics /cMark Karlen ; ilustraciones Kate Ruggeri y Mark Karlen aNew York :bVan Nostrand ReinHold Company,c1993 a170 páginas:bilustraciones atexto2rdacontent asin medio2rdamedia avolumen2rdacarrier aLibro de Referencia aArquitectura de interiores aEspacio (Arquitectura) 1aRuggeri, Kate, eilustrador 1aKarlen, Mark,eilustrador 2lcccBn1 c21342d21342